|
|
|
|
| LEADER |
00000cam a2200000 a 4500 |
| 001 |
vtls009835943 |
| 003 |
SK-MaSNL |
| 005 |
20260331205028.0 |
| 008 |
251120s2008 xo a j f000 0 slo |
| 013 |
|
|
|a 286470
|b gw
|c patent
|d 20081106
|e dátum nadobudnutia účinkov patentu (Vestník ÚPV SR č.: 11/2008)
|d 20081020
|e dátum sprístupnenia patentu
|
| 013 |
|
|
|a 1101-2001
|e číslo prihlášky
|d 20001201
|e dátum podania prihlášky
|d 20030911
|e dátum zverejnenia prihlášky (Vestník ÚPV SR č.: 9/2003)
|
| 013 |
|
|
|a 199 59 825.8
|e číslo prioritnej prihlášky
|d 19991210
|e dátum podania prioritnej prihlášky
|b DE
|e kód krajiny prioritnej prihlášky
|
| 015 |
|
|
|a SNBN2015
|
| 035 |
|
|
|a (SVKBBclas03)vtls000300731
|
| 040 |
|
|
|a SNK
|b slo
|c SNK
|e AACR2
|
| 041 |
0 |
|
|a slo
|
| 044 |
|
|
|a xo
|c SK
|
| 072 |
|
7 |
|a 692
|x Konštrukčné prvky a časti stavieb
|2 konspekt
|
| 080 |
|
|
|a 692.2
|2 2001
|
| 080 |
|
|
|a 692.81
|2 2001
|
| 084 |
|
|
|a E05D 15/06
|2 IPC
|
| 084 |
|
|
|a E05F 3/00
|2 IPC
|
| 100 |
1 |
|
|a Janutta, Reinhard
|4 org
|9 322263
|
| 245 |
1 |
0 |
|a Posuvná stena s bočne posuvnými stenovými elementmi
|c Reinhard Janutta, Ernst Udo Blöbaum ; patent. zást. Eva Bušová
|
| 260 |
|
|
|a [Banská Bystrica]
|b Úrad priemyselného vlastníctva SR
|c [2008]
|
| 300 |
|
|
|a 9 s.
|b obr.
|c 30 cm
|
| 650 |
0 |
7 |
|a steny
|2 SNKPH
|9 30413
|
| 650 |
0 |
7 |
|a Walls
|2 SNKPHeng
|9 330594
|
| 650 |
0 |
7 |
|a dvere
|2 SNKPH
|9 24258
|
| 650 |
0 |
7 |
|a Doors
|2 SNKPHeng
|9 305702
|
| 655 |
|
7 |
|a patenty
|2 SNKPH
|9 177343
|
| 655 |
|
7 |
|a patent licenses
|2 SNKPHeng
|9 303430
|
| 700 |
1 |
|
|a Blöbaum, Ernst Udo
|4 org
|9 596936
|
| 700 |
1 |
|
|a Bušová, Eva
|4 oth
|9 297878
|
| 710 |
2 |
|
|a Dorma GmbH & Co. KG (Ennepetal, Nemecko)
|4 pth
|9 408031
|
| 999 |
|
|
|c 917331
|d 919261
|
| 952 |
|
|
|a SNK
|b SNK
|y PREZ
|7 0
|p 17A1160335
|o snkSK 286470
|i snk2015/18980
|8 0
|0 0
|1 0
|4 0
|d 2015-06-29
|l 0
|r 2026-02-24 08:04:48
|w 2026-02-24
|